00653nam a22001697a 45000050016000000080041000160100015000570200010000720350013000820370013000950400013001080820016001212450175001372600043003122700102003553000026004572011101300000.0111013t xxu||||| |||| 00| 0 eng d aENG-103966 c65.00 aEN-87499 bDBAD/PUB aDPLbEng a346.0820954 aThe Reserve Bank of India act, 1934 (2 of 1934) as amended by the securities and insurance laws (amendment and validation) act, 2010 (26 of 2010) with short notes heng aDelhi bUniversal Law Publishingc2011 aC-FF-1A, Dilkhush Industrial Estate, (Opp. Hans Cinema, Azadpur) G.T. Karnal Road,bDelhie110033 avi,96,6p.c24cm (pbk)